banner-ar

INTERNAL COMBUSITION ENGINES AND COMBUSTION / (Record no. 12205)

MARC details
000 -الفاتح
حقل البيانات ثابتة الطول 00557nam a2200205Ia 4500
008 - عناصر البيانات ثابتة الطول - معلومات عامة
حقل البيانات ثابتة الطول 140319s9999 xx 000 0 eng d
040 ## - مصدر الفهرسة
وكالة الفهرسة الأصلية GCL /
وكالة النسخ GCL
082 04 - رقم تصنيف ديوى العشرى
رقم التصنيف 621.4023
رقم المادة R I
100 1# - المدخل الرئيسى - إسم شخصى
الإسم الشخصى RAGHUNANDAM, B.N
245 10 - بيان العنوان
العنوان INTERNAL COMBUSITION ENGINES AND COMBUSTION /
بيان المسئوليه,etc RAGHUNANDAM, B.N
260 ## - PUBLICATION, DISTRIBUTION, ETC. (IMPRINT)
تاريخ النشر أو التوزيع 1994
300 ## - الوصف المادى
التعداد 561 P P
650 04 - المدخل الاضافى بالموضوع-مصطلح موضوعى
مصطلح موضوعي DESIGN
650 04 - المدخل الاضافى بالموضوع-مصطلح موضوعى
مصطلح موضوعي ENGINES
650 04 - المدخل الاضافى بالموضوع-مصطلح موضوعى
مصطلح موضوعي HEAT ENGINEERING
650 04 - المدخل الاضافى بالموضوع-مصطلح موضوعى
مصطلح موضوعي ENGINEERING
650 04 - المدخل الاضافى بالموضوع-مصطلح موضوعى
مصطلح موضوعي COMBUSTION ENGINEERING
942 ## - عناصر المدخل الإضافي( كوها)
مصدر التصنيف او مخطط الترفيف Dewey Decimal Classification
Koha [default] item type كتاب
260 ## - PUBLICATION, DISTRIBUTION, ETC. (IMPRINT)
-- [S.N] :
-- TATA MCGRAW - HILL PUBLISHING ،
Holdings
حالة التراجع حالة الفقد حالة تلف ليس للاعارة المكان المؤقت الموقع الحالى تاريخ الاكتساب اجمالي اﻻعارات رقم الطلب الباركود تاريخ اخر مشاهدة تاريخ تفعيل السعر نوع وعاء كوها
        مكتبة القاهرة الكبرى مكتبة القاهرة الكبرى 03/26/2014   621.4023\R I 23842 03/26/2014 03/26/2014 كتاب

Powered By

EGPV